000
00302cam a2200121ua 4500
082
_a
629.2885
_b
ABB/BO
100
_a
Abbey, Staton .
_9
1491
245
_a
Book of the Fordson Tractor /
250
_a
1 /
260
_a
London :
_b
Sir Isaac Pitman & Sons Ltd ,
_c
1954.
300
_a
132 ; .
942
_c
REF
999
_c
6744
_d
6744